Statistiques concernant Les villes européennes par indice dans leur propre langue

Cliquez ici pour prendre le quiz!

Statistiques générales

  • Ce quiz a été pris 148 fois
  • Le résultat moyen est 9 sur 15

Statistiques - réponses

indiceville% Correct
De nouveaux avions parfois révolutionnaires ont été conçus ici; comme le Concorde ou l’Airbus A380Toulouse
86%
Das weltberühmte Oktoberfest macht diese Stadt zu einem Anziehungspunkt für den internationalen TourismusMunich
80%
With a population of 2.8 million, it contains ten metropolitan boroughs including Bolton, Bury, and TraffordManchester
79%
Thàinig a h-ainm Beurla bhon ainm Gaeilgeair an seòlaid "Dubh Linn"Dublin
75%
Ingólfur Arnarson settist á Ísland árið 870 og nefndi þessa borgReykjavik
71%
Bu adlar tarihsel sırayla, Byzantion, Augusta Antonina, Nova Roma, Konstantinopolis, ve KostantiniyyeIstanbul
68%
Esta é a capital do país e a cidade mais populosa do paísLisbonne
68%
Intra moenia urbis Romae (et ita inclave ab Italia circumdatum)Vatican
67%
Tämä on Suomen kulttuurillinen, hallinnollinen, poliittinen ja liikekeskus sekä maan suurin työnantajaHelsinki
59%
W mieście działają placówki kulturalne o znaczeniu i statusie narodowym, m.in. Narodowy Stary TeatrCracovie
49%
De hoofdstad van de provincie Zuid-Holland en de op twee na grootste gemeente van NederlandLa Haye
44%
Този град е столицата и най-големият град в БългарияSofia
34%
(Dans la photo) Principale centro urbano cantonale e della Svizzera italiana con 151 522 abitantiLugano
30%
Nær Nygårdsgaten ligger St. Jakobs kirke fra 1921, Griegallen fra 1978 og Edvard Griegs plassBergen
28%
Senamiestis yra vienas didžiausių Rytų Europoje ir 1994 m. Įtrauktas į UNESCO Pasaulio paveldo sąrašąVilnius
21%

Distribution des résultats

Percentile par nombre de réponses

% des personnes avec chaque résultat

Votre développement - résultats

Vous n’avez pas pris ce quiz